| 000 | 01222nam0a2200313 4500 | ||
|---|---|---|---|
| 001 | RU\NLR\ONL2\20879 | ||
| 005 | 20260406073209.0 | ||
| 010 |
_a978-5-98356-124-3 _9500 |
||
| 035 | _a(NLR Aleph) 009668463 | ||
| 090 |
_a9649085 _c9649085 |
||
| 100 | _a20110819d2011 |||y0rusy50 ca | ||
| 101 | 0 | _atat | |
| 102 | _aRU | ||
| 105 | _ay ||||||||| | ||
| 200 | 1 |
_aЭнже тезэм сузлэрдэн... _e[кыска шигырьлэр, сонетлар] _fРэзинэ Мөхияр |
|
| 210 |
_aКазан _cСуз _d2011 |
||
| 215 |
_a94,[1] б. _d17 |
||
| 300 | _aВ вып. дан. авт.: Мөхиярова Рэзинэ Хэйбрахман кызы (Рэзинэ Мөхияр). | ||
| 541 | 1 |
_6z01790 _a[Жемчужины из слов _eкороткие стихи, сонеты]. _zrus |
|
| 686 | 1 | _aШ6(2=Тат)7-5 | |
| 700 | 1 |
_4070 _8tat _7ca _aМөхияр _bР. _f1956- _gРэзинэ _3RU\NLR\auth-onl\771079 _9131134 |
|
| 790 | 1 |
_4070 _8rus _7ca _aМухияр _bР. _f1956- _gРазина _3RU\NLR\auth-onl\771080 _9131135 |
|
| 801 | 0 |
_aRU _bNLR _c20110819 _gPSBO |
|
| 852 |
_aNLR _bОНЛ _jТатар./2-12401 |
||
| 942 | _cBOOK | ||
| 980 | _aNB | ||
| 980 | _aONL_RF | ||